000 00537nam a2200157Ia 4500
005 20241106060455.0
008 240331s9999 xx 000 0 und d
020 _a 0140430784
082 _bDIC
_a823
100 _aDickens, C
245 4 _aThe Pickwick Club
260 _a England
_b Penguin Books
_c1972
300 _a952 p .,
500 _aThis is the book that carried the twenty four year old Dickens to fame, introduced him to the illustrator 'phiz', and gave us some of the immortal characters in comic literature.
942 _cL
999 _c3328
_d3328